Troubleshooting microsoft excel spreadsheets / (Record no. 62644)

MARC details
000 -LEADER
fixed length control field 00575nam a22001577a 4500
005 - DATE AND TIME OF LATEST TRANSACTION
control field 20120213133339.0
020 ## - INTERNATIONAL STANDARD BOOK NUMBER
International Standard Book Number 8120318544
Terms of availability 295.00
035 ## - SYSTEM CONTROL NUMBER
System control number B-62858
037 ## - SOURCE OF ACQUISITION
Stock number DPL
Source of stock number/acquisition ENG
100 ## - MAIN ENTRY--PERSONAL NAME
Personal name Ulrich, Laurie Ann
245 ## - TITLE STATEMENT
Title Troubleshooting microsoft excel spreadsheets /
Statement of responsibility, etc by Laurie Ann Ulrich
260 ## - PUBLICATION, DISTRIBUTION, ETC. (IMPRINT)
Place of publication, distribution, etc New Delhi
Name of publisher, distributor, etc Prentice-Hall of India
Date of publication, distribution, etc 2001
300 ## - PHYSICAL DESCRIPTION
Extent xvi, 343p.
Dimensions 24 cms.
942 ## - ADDED ENTRY ELEMENTS (KOHA)
Source of classification or shelving scheme Dewey Decimal Classification
Item type English Books
Classification part 005.43
Call number suffix ULR
Holdings
Withdrawn status Lost status Not for loan Collection code Home library Current library Date acquired Cost, normal purchase price Full call number Barcode Cost, replacement price Koha item type
      Non-fiction Sarojini Nagar Sarojini Nagar 13/02/2012 295.00 005.43 ULR B-62858 295.00 English Books

© Delhi Public Library
Hit Counter
free hit counter